[Event "Washington International 2012"]
[Site "Rockville USA"]
[Date "2012.07.29"]
[Round "4"]
[White "Rosen,E"]
[Black "Rozman,Levy"]
[Result "1/2-1/2"]
[WhiteElo "2328"]
[BlackElo "2200"]

1.c4 c6 2.Nc3 d5 3.e3 Nf6 4.Nf3 e6 5.d4 Nbd7 6.Qc2 Bd6 7.b3 O-O 8.Bb2 Re8
9.Be2 b6 10.O-O Bb7 11.Rfe1 Rc8 12.Rad1 Qc7 13.h3 a6 14.Qb1 Rcd8 15.Bd3 c5
16.cxd5 exd5 17.Bc2 h6 18.Rc1 Qb8 19.Red1 c4 20.a4 Ba8 21.Ne2 b5 22.Qa2 Rc8
23.Bf5 g6 24.Bb1 Bc6 25.axb5 axb5 26.Qa5 Qa8 27.Qe1 b4 28.bxc4 dxc4 29.Rxc4 Bxf3
30.Rxc8 Rxc8 31.gxf3 Qxf3 32.Qf1 Nb6 33.Bd3 Na4 34.Rb1 Ne4 35.Qg2 Ng5 36.h4 Qxg2+
37.Kxg2 Ne6 38.Bb5 Nxb2 39.Rxb2 Rc7 40.e4 h5 41.e5 Be7 42.d5 Rc5 43.Bc6 Nd8
44.Rxb4  1/2-1/2

[Event "Tabor Open 2012"]
[Site "Tabor CZE"]
[Date "2012.07.29"]
[Round "1.30"]
[White "Kool,G"]
[Black "Novak,Ru1"]
[Result "1-0"]
[WhiteElo "2133"]
[BlackElo "1705"]

1.Nf3 d5 2.e3 Nf6 3.c4 e6 4.Nc3 c6 5.d4 Bb4 6.Qb3 Qa5 7.Bd2 O-O 8.Bd3 Nbd7
9.O-O Bxc3 10.Bxc3 Qc7 11.Rac1 Re8 12.Rfe1 e5 13.Nxe5 Nxe5 14.dxe5 dxc4 15.Qxc4 Be6
16.Qh4 Bf5 17.Bxf5 Rxe5 18.Bxe5 Qxe5 19.Bb1 Qxb2 20.Qd4 Qa3 21.Red1 Qe7 22.e4 g6
23.Qd6  1-0

[Event "Politiken Cup 2012"]
[Site "Helsingor DEN"]
[Date "2012.07.30"]
[Round "4.66"]
[White "Hansen,MM"]
[Black "Rasmussen,M2"]
[Result "1-0"]
[WhiteElo "2095"]
[BlackElo "1916"]

1.d4 d5 2.c4 c6 3.Nf3 Nf6 4.Nc3 e6 5.e3 Nbd7 6.Bd3 dxc4 7.Bxc4 b5 8.Bd3 Bb7
9.O-O a6 10.e4 b4 11.e5 bxc3 12.exf6 Nxf6 13.bxc3 Bd6 14.Bg5 h6 15.Bh4 Qc7
16.Re1 c5 17.Ne5 Nd7 18.Qh5 Nxe5 19.dxe5 Be7 20.Bxe7 Qxe7 21.Rab1 O-O 22.Re3 f5
23.Rg3 Kh8 24.Rb6 c4 25.Bxc4 Qc5 26.Rxe6  1-0

[Event "Washington International 2012"]
[Site "Rockville USA"]
[Date "2012.07.30"]
[Round "5"]
[White "Hess,Peter"]
[Black "Thompson,I"]
[Result "0-1"]
[WhiteElo "1921"]
[BlackElo "2243"]

1.d4 d5 2.c4 e6 3.Nf3 c6 4.e3 Nf6 5.Nc3 Nbd7 6.Bd3 dxc4 7.Bxc4 b5 8.Bd3 Bd6
9.O-O O-O 10.Qc2 Bb7 11.Ng5 h6 12.Nge4 Nxe4 13.Nxe4 Be7 14.Rd1 Qb6 15.Bd2 c5
16.dxc5 Nxc5 17.Nxc5 Bxc5 18.Rac1 Rac8 19.Qb3 a6 20.Bb4 Bd5 21.Bxc5 Rxc5
22.Qa3 Rxc1 23.Rxc1 Rd8 24.Bf1 b4 25.Qxa6 Qxa6 26.Bxa6 Bxa2 27.Rc8 Rxc8 28.Bxc8 Kf8
29.Kf1 Bc4+ 30.Ke1 Ke7 31.g3 Kd6 32.Bb7 Kc5 33.Kd2 e5 34.h4 f6 35.Be4 g5
36.Bf5 Bd5 37.Bc2 Kc4 38.e4 Be6 39.Ke3 Bd7 40.b3+ Kc3 41.hxg5 hxg5 42.Bd3 Bc6  0-1

[Event "Washington International 2012"]
[Site "Rockville USA"]
[Date "2012.07.30"]
[Round "6.2"]
[White "Gareev,T"]
[Black "Shabalov,A"]
[Result "1-0"]
[WhiteElo "2658"]
[BlackElo "2534"]

1.d4 d5 2.c4 c6 3.Nc3 Nf6 4.e3 e6 5.Nf3 Nbd7 6.Qc2 Bd6 7.g4 h6 8.Rg1 b5 9.cxd5 exd5
10.Bd3 Qe7 11.Bd2 Nb6 12.h3 Bd7 13.Ne2 Ne4 14.Bxe4 Qxe4 15.Qxe4+ dxe4 16.Ne5 Bxe5
17.dxe5 Nc4 18.Bc3 b4 19.e6 Bxe6 20.Bxg7 Rg8 21.Bf6 Rg6 22.Bd4 c5 23.Bxc5 Ne5
24.Nf4 Bc4 25.Nxg6 fxg6 26.O-O-O Bxa2 27.Bxb4 Nd3+ 28.Rxd3 exd3 29.Kd2 a5
30.Bc3 Bc4 31.Rc1 Bb5 32.Bg7 h5 33.Rc5 Rb8 34.gxh5 gxh5 35.Rxh5 Kd7 36.h4 a4
37.Rg5 Bc4 38.Rg4 Rc8 39.Bc3  1-0

[Event "45th Biel Masters Open"]
[Site "Biel SUI"]
[Date "2012.07.31"]
[Round "8"]
[White "Pavlovic,Milos"]
[Black "Pruess,D"]
[Result "1-0"]
[WhiteElo "2530"]
[BlackElo "2375"]

1.Nf3 d5 2.e3 Nf6 3.c4 c6 4.Nc3 e6 5.d4 Nbd7 6.Qc2 Bd6 7.Bd3 O-O 8.O-O dxc4
9.Bxc4 a6 10.Rd1 b5 11.Bd3 Qc7 12.Bd2 c5 13.Ne4 c4 14.Nxd6 Qxd6 15.Be2 Bb7
16.b3 Rfc8 17.Qb2 Bd5 18.Rdc1 Ne4 19.Ba5 f6 20.Ne1 f5 21.f3 Nef6 22.Nc2 Kf7
23.Be1 a5 24.Na3 Rab8 25.Bg3 Qb4 26.Bxb8 c3 27.Rxc3 Qxc3 28.Qxc3 Rxc3 29.Bf4 b4
30.Nb5 Rc2 31.Bd1 Rc6 32.Bc7 Nb6 33.Kf1 Ke7 34.Bg3 Kd7 35.Ke2 Nc4 36.Na7 Ra6
37.Rc1 Nd6 38.Bxd6 Rxd6 39.Kd2 Ra6 40.Nc8 Rc6 41.Rxc6 Kxc6 42.Ne7+ Kd6 43.Nxd5 Nxd5
44.Bc2 h6 45.Bd3 g5 46.Ba6 Nc3 47.a4 Nd5 48.Bb7 Nb6 49.Kd3 Kc7 50.Ba6 Kd6
51.Bc4 Nd7 52.Bb5 Nb6 53.Ba6 Nd5 54.Bb7 Nb6 55.g3 Kc7 56.Ba6 Kd6 57.Bb5 Nd5
58.e4 fxe4+ 59.fxe4 Nb6 60.e5+ Kd5 61.Be8 Nc8 62.Bb5 Nb6 63.g4 Nc8 64.Ba6 Ne7
65.Bb7+ Nc6 66.h3 h5 67.Bxc6+  1-0

[Event "Dutch Open 2012"]
[Site "Dieren NED"]
[Date "2012.07.31"]
[Round "7.2"]
[White "Raznikov,D"]
[Black "Smeets,J"]
[Result "0-1"]
[WhiteElo "2462"]
[BlackElo "2620"]

1.d4 Nf6 2.c4 e6 3.Nf3 d5 4.Nc3 c6 5.e3 Nbd7 6.Qc2 Bd6 7.Bd3 O-O 8.O-O dxc4
9.Bxc4 e5 10.h3 h6 11.a3 Re8 12.Ba2 exd4 13.exd4 Nb6 14.Bxh6 gxh6 15.Qg6+ Kh8
16.Qxh6+ Nh7 17.Bxf7 Re7 18.Ng5 Bf5 19.Nxh7 Rxf7 20.Ng5+ Rh7 21.Nxh7 Bxh7
22.Rfe1 Bf8 23.Qf4 Bg7 24.Qf7 Bxd4 25.Re7 Bg6 26.Qe6 Qf8 27.Kh1 Rb8 28.Rc7 Qf4
29.Re7 Bf6 30.Qe3 Qxe3 31.Rxe3 Nc4 32.Rg3 Bh7 33.Re1 Nxb2 34.Ne4 Be5 35.Rb3 Bg8
36.Rf3 Bd5 37.Rf5 Nc4 38.Nc5 Bd4 39.Nd7 Rg8 40.Rh5+ Kg7 41.Re7+ Kg6 42.Rh4 c5
43.Kh2 b5 44.Rf4 a5 45.h4 b4 46.axb4 axb4 47.Nf8+ Rxf8 48.Rxf8 b3 49.h5+ Kh6
50.f4 b2 51.Rb8 Kxh5 52.Kh3 Kg6 53.g4 Bc3 54.Rb3 Kf6 55.Re2 Bd4 56.Kg3 Bc6
57.Rb8 Kf7 58.g5 Nd6 59.Kg4 Be4 60.Rexb2 Bxb2 61.Rxb2 c4 62.Rb6 Ke6 63.f5+ Bxf5+
64.Kf4 c3 65.Ra6 c2 66.Ra1 Kd5 67.Rc1 Kd4 68.Ra1 Bg6 69.Kf3 Nc4 70.Kf4 Nb2
71.Kf3 Nd3 72.Kg3 Ke3 73.Kg2 c1=Q 74.Rxc1 Nxc1 75.Kg3 Nd3 76.Kg2 Kf4 77.Kf1 Kf3
78.Kg1 Nf4 79.Kf1 Ng2  0-1

[Event "Politiken Cup 2012"]
[Site "Helsingor DEN"]
[Date "2012.07.31"]
[Round "5.98"]
[White "Spiess,Th"]
[Black "Aartun,Magnus"]
[Result "1-0"]
[WhiteElo "2007"]
[BlackElo "1800"]

1.c4 c6 2.Nf3 d5 3.e3 Nf6 4.Nc3 e6 5.d4 Bd6 6.Bd3 O-O 7.O-O Nbd7 8.e4 dxe4
9.Nxe4 Nxe4 10.Bxe4 Nf6 11.Bc2 h6 12.Qe2 Qc7 13.h3 c5 14.Be3 b6 15.Rfd1 Bb7
16.Rac1 Rad8 17.Bb1 Nh5 18.dxc5 bxc5 19.Rc3 Bf4 20.Rcd3 Rxd3 21.Qxd3 f5 22.Qd7 Bxf3
23.Qxe6+ Kh8 24.gxf3 Rd8 25.Rxd8+ Qxd8 26.Qxf5 Qd1+ 27.Kg2 Kg8 28.Qxh5 Qxb1
29.Bxf4 Qxa2 30.Qd5+ Kh7 31.Be5  1-0

[Event "Washington International 2012"]
[Site "Rockville USA"]
[Date "2012.07.31"]
[Round "7"]
[White "Foisor,S"]
[Black "Wang,K"]
[Result "0-1"]
[WhiteElo "2356"]
[BlackElo "2186"]

1.d4 d5 2.c4 e6 3.Nc3 c6 4.e3 Nf6 5.Nf3 Nbd7 6.Qc2 Bd6 7.g4 h6 8.Rg1 e5 9.cxd5 cxd5
10.Nb5 Bb8 11.Bd2 O-O 12.g5 hxg5 13.Nxg5 a6 14.Nc3 e4 15.O-O-O b5 16.Be2 Nb6
17.h4 Bf5 18.Kb1 Qd7 19.Bf1 b4 20.Ne2 Rc8 21.Qb3 a5 22.Ng3 Bg4 23.Rc1 Bd6
24.f3 a4 25.Qd1 exf3 26.Nxf3 Bxg3 27.Rxg3 Nh5 28.Rxc8+ Rxc8 29.Rxg4 Qxg4
30.Bxb4 Nc4 31.Bd3 Ng3 32.Bxc4 Rxc4 33.a3 Qe4+ 34.Ka2 Qxe3 35.Ng5 f6 36.Nh3 Rxd4
37.Qxa4 Rxh4 38.Bd2 Qe4 39.Qd7 Qc4+ 40.Ka1 Qf1+ 41.Ka2 Qxh3 42.Qxd5+ Kh7
43.Be1 Rh5 44.Qd3+ Nf5 45.Qe4 Qe3 46.Qb4 Qe6+  0-1

[Event "Politiken Cup 2012"]
[Site "Helsingor DEN"]
[Date "2012.08.01"]
[Round "6.1"]
[White "Cheparinov,I"]
[Black "Hector,J"]
[Result "1/2-1/2"]
[WhiteElo "2677"]
[BlackElo "2530"]

1.d4 d5 2.c4 c6 3.Nf3 Nf6 4.Nc3 e6 5.e3 Nbd7 6.Qc2 b6 7.Bd3 Bb7 8.O-O Bb4
9.Bd2 Rc8 10.cxd5 exd5 11.e4 Bxc3 12.Bxc3 dxe4 13.Bxe4 O-O 14.Bf5 g6 15.Bh3 Nd5
16.Bd2 Rc7 17.Rfe1 Re8 18.Rxe8+ Qxe8 19.Re1 Qd8 20.Qe4 Nf8 21.Qe8 Qxe8 22.Rxe8 Kg7
23.Ne5 Re7 24.Rb8 f6 25.Nc4 Ba6 26.Ne3 Nf4 27.Bg4 N8e6 28.Bc3 Rd7 29.Ra8 h5
30.Bf3 Ne2+ 31.Bxe2 Bxe2 32.f3  1/2-1/2

[Event "Politiken Cup 2012"]
[Site "Helsingor DEN"]
[Date "2012.08.01"]
[Round "6.88"]
[White "Bratteteig,Tore-Inge"]
[Black "Carnstam,T"]
[Result "0-1"]
[WhiteElo "1679"]
[BlackElo "2060"]

1.d4 d5 2.c4 c6 3.Nf3 Nf6 4.e3 e6 5.Nc3 Bd6 6.Bd3 Nbd7 7.e4 dxe4 8.Nxe4 Nxe4
9.Bxe4 f5 10.Bd3 O-O 11.Qe2 e5 12.c5 Be7 13.Nxe5 Nxe5 14.dxe5 Bxc5 15.Bc4+ Kh8
16.O-O f4 17.e6 b5 18.Bb3 a5 19.a3 a4 20.Ba2 Qf6 21.Re1 Ra7 22.Qe4 Re7 23.Bd2 Qxb2
24.Qd3 Qd4 25.Qxd4 Bxd4 26.Rab1 Rfe8 27.Re4 Bc5 28.Bb4 Bxb4 29.axb4 g5 30.Rbe1 Kg7
31.Re5 Kf6 32.h4 h6 33.hxg5+ hxg5 34.Rc5 Bxe6 35.Rxc6 Kf7 36.Bb1 Bd7 37.Rxe7+ Rxe7
38.Rc1 Be8 39.Bd3 Kf6 40.Kf1 Ra7 41.Ke1 Ke5 42.Bb1 Kd4 43.Kd2 Bf7 44.Bd3 a3
45.Bxb5 a2 46.Ra1 Rb7 47.Be8 Bxe8 48.Rxa2 Rxb4 49.Ke2 Bh5+ 50.f3 Bf7 51.Rc2 Bc4+
52.Kf2 Kd3 53.Re2 Rb6 54.Re5 Rb2+ 55.Kg1 Rb5 56.Re7 Kd4 57.Re1 Re5 58.Rd1+ Bd3
59.Ra1 Rb5 60.Re1 Rb1 61.Rxb1 Bxb1 62.Kf2 Bd3 63.g3 Bc4 64.gxf4 gxf4  0-1

[Event "Tabor Open 2012"]
[Site "Tabor CZE"]
[Date "2012.08.01"]
[Round "5.42"]
[White "Prochazka,Pa"]
[Black "Kudrlicka,L"]
[Result "0-1"]
[WhiteElo "1781"]
[BlackElo "2071"]

1.d4 d5 2.c4 e6 3.Nf3 Nf6 4.e3 c6 5.Nc3 Bd6 6.b3 Nbd7 7.Bb2 Qa5 8.Bd3 e5
9.dxe5 Nxe5 10.Nxe5 Bxe5 11.Qc2 dxc4 12.bxc4 O-O 13.O-O Bxh2+ 14.Kxh2 Qh5+
15.Kg3 Qg4+ 16.Kh2 Qh4+  0-1

[Event "17th Creon Open 2012"]
[Site "Creon FRA"]
[Date "2012.08.02"]
[Round "5.11"]
[White "Delorme,L"]
[Black "Santos Latasa,J"]
[Result "0-1"]
[WhiteElo "2171"]
[BlackElo "2399"]

1.d4 d5 2.Nf3 Nf6 3.c4 e6 4.Nc3 c6 5.e3 Nbd7 6.Qc2 Bd6 7.Bd3 O-O 8.O-O dxc4
9.Bxc4 b5 10.Be2 Bb7 11.Rd1 Qe7 12.e4 e5 13.Bg5 Rad8 14.d5 b4 15.dxc6 Bxc6
16.Nd5 Bxd5 17.Rxd5 h6 18.Qc6 hxg5 19.Qxd6 Nxd5 20.Qxd5 g4 21.Ne1 Nf6 22.Qc6 Rc8
23.Qb5 Qc5 24.Qxc5 Rxc5 25.Nd3 Rc2 26.Re1 Rd8 27.Nxe5 Rxe2  0-1

[Event "Dutch Open 2012"]
[Site "Dieren NED"]
[Date "2012.08.02"]
[Round "9.3"]
[White "Popilski,G"]
[Black "Raznikov,D"]
[Result "1/2-1/2"]
[WhiteElo "2450"]
[BlackElo "2462"]

1.d4 Nf6 2.c4 e6 3.Nf3 d5 4.Nc3 c6 5.e3 a6 6.b3 Bb4 7.Bd2 Bd6 8.Bd3 Nbd7
9.O-O O-O 10.Qc2 Re8 11.Rad1 e5 12.cxd5 cxd5  1/2-1/2

[Event "Politiken Cup 2012"]
[Site "Helsingor DEN"]
[Date "2012.08.02"]
[Round "7.111"]
[White "Solli,O"]
[Black "Caceres,C"]
[Result "1-0"]
[WhiteElo "1894"]
[BlackElo "1709"]

1.d4 Nf6 2.c4 e6 3.Nc3 c6 4.Nf3 d5 5.e3 Bb4 6.a3 Bd6 7.Qc2 Nbd7 8.Be2 dxc4
9.Bxc4 O-O 10.O-O Re8 11.e4 e5 12.Be3 exd4 13.Bxd4 Ng4 14.Rad1 Qe7 15.Ba2 Nde5
16.Nxe5 Bxe5 17.g3 Be6 18.Bxe5 Nxe5 19.Bb1 Bh3 20.f4 Ng4 21.Rf3 Qc5+ 22.Kh1 Ne3
23.Qf2 Bg2+ 24.Kg1 Bxf3 25.Re1 Qh5 26.Rxe3 Bg4 27.Re1 Rad8 28.e5 Be6 29.Be4 g6
30.Bf3 Bg4 31.Bxg4 Qxg4 32.Ne4 Qe6 33.Nf6+ Kg7 34.Nxe8+ Qxe8 35.Re2 Qd7 36.Kg2 h5
37.Qf3 b5 38.Qe3 Qd5+ 39.Qf3 Qe6 40.Rc2 Qd5 41.Qxd5 Rxd5 42.Kf3 c5 43.Ke4 Rd4+
44.Ke3 Rd5 45.Ke4 Rd4+ 46.Ke3 Rd5 47.Rc3 c4 48.b3 cxb3 49.Rxb3 f5 50.Rd3 Rc5
51.Rd7+ Kf8 52.Rxa7 Rc2 53.Kd4 Rxh2 54.Kd5 Ra2 55.Ke6 b4 56.Rf7+ Kg8 57.Rb7 Rxa3
58.Kf6 Rxg3 59.e6 Rc3 60.Rb8+ Kh7 61.e7 Rc6+ 62.Kg5 Re6 63.e8=Q Rxe8 64.Rxe8 Kg7
65.Re7+ Kf8 66.Rb7 b3 67.Rxb3 Ke7 68.Kxg6  1-0

[Event "Politiken Cup 2012"]
[Site "Helsingor DEN"]
[Date "2012.08.02"]
[Round "7.121"]
[White "Gade,J"]
[Black "Madison,S"]
[Result "0-1"]
[WhiteElo "1578"]
[BlackElo "1799"]

1.d4 d5 2.c4 e6 3.e3 Nf6 4.Nf3 c6 5.Nc3 Nbd7 6.Bd3 Be7 7.O-O O-O 8.a3 a5
9.Bd2 Re8 10.Qe2 Bd6 11.Rfe1 h6 12.c5 Bc7 13.b4 e5 14.dxe5 Nxe5 15.Nd4 Nxd3
16.Qxd3 Ng4 17.g3 Ne5 18.Qe2 Qf6 19.Rf1 Bh3 20.Rfb1 Bg4 21.f3 Nxf3+ 22.Nxf3 Bxf3
23.Qf2 Be5 24.bxa5 Bxc3 25.Bxc3 Qxc3 26.Qxf3 Rxe3 27.Qf2 d4 28.Rc1 Qxa5 29.Rab1 Qc7
30.Rd1 Qe7 31.Rxd4 Re8 32.Rdb4 Qxc5 33.R4b2 b5 34.Rf1 Qe7 35.Rc2 Qe6 36.Qg2 Re4
37.Qf3 Re7 38.Rfc1 Qd5 39.Qf2 R7e6 40.Rc5 Qd7 41.R5c2 Rf6 42.Qg2 Qd4+ 43.Kh1 c5
44.Qd2 Qxd2 45.Rxd2 Rf5 46.Rb2 c4 47.Rc3 Rd5 48.Kg2 Re1 49.Kf2 Ra1 50.Ke3 f5
51.Kf3 g5 52.Ke3 Kf7 53.Rf2 Kf6 54.Rd2 Ke5 55.Rf2 Rad1 56.Rb2 g4 57.Ke2 Rh1
58.Ke3 h5 59.a4 bxa4 60.Rxc4 Ra5 61.Ra2 Re1+ 62.Kf2 Re4 63.Rc8 a3 64.Rh8 Rb4
65.Re8+ Kd5 66.Ree2 Re4 67.Rec2 Rc4 68.Rd2+ Kc5 69.Ke2 Kb4 70.Rd3 Rc3 71.Rd4+ Kb3
72.Rdd2 Re5+ 73.Kd1 Rc1+ 74.Kxc1 Re1+  0-1

[Event "CECLUB 1st Div GpA 2012"]
[Site "Don Benito ESP"]
[Date "2012.08.03"]
[Round "5"]
[White "Narciso Dublan,M"]
[Black "Korneev,O"]
[Result "1/2-1/2"]
[WhiteElo "2539"]
[BlackElo "2577"]

1.d4 d5 2.c4 c6 3.Nc3 Nf6 4.e3 e6 5.Nf3 Nbd7 6.b3 Bd6 7.Be2 O-O 8.O-O b6
9.Bb2 Bb7 10.Bd3 Re8 11.Rc1 h6 12.Qe2 Qe7 13.cxd5 exd5 14.Ba6 Nf8 15.Bxb7 Qxb7
16.Qc2 Ng6 17.Qf5 Re6 18.Rc2 Rae8 19.Rfc1 Bb8 20.Qh3 a5 21.g3 Nh7 22.Ne2 Nf6
23.Ne5 Nxe5 24.dxe5 Bxe5 25.Bxe5 Rxe5 26.Rxc6 Rh5 27.Qg2 Qd7 28.Nd4 Rb8 29.h4 Qg4
30.Qf3 Rxh4 31.Qxg4 Rxg4 32.Rc8+ Rxc8 33.Rxc8+ Kh7 34.Rc6 h5 35.Nf3 Rb4 36.Nd4 a4
37.Rd6 axb3 38.axb3 Ne4 39.Rxd5 g6 40.Rb5  1/2-1/2

[Event "Politiken Cup 2012"]
[Site "Helsingor DEN"]
[Date "2012.08.03"]
[Round "8.9"]
[White "Svane,R"]
[Black "Hansen,SuB"]
[Result "0-1"]
[WhiteElo "2367"]
[BlackElo "2577"]

1.d4 d5 2.c4 c6 3.Nc3 Nf6 4.e3 e6 5.Nf3 Nbd7 6.Qc2 Bd6 7.b3 O-O 8.Bd3 Re8
9.O-O h6 10.Bb2 Qe7 11.Rfe1 e5 12.dxe5 Nxe5 13.Nxe5 Qxe5 14.f4 Qe7 15.cxd5 Bc5
16.Kh1 Bd7 17.Re2 cxd5 18.e4 Bg4 19.e5 Nh5 20.Nxd5 Qh4 21.Qxc5 Bxe2 22.Bxe2 Ng3+
23.Kg1 Nxe2+ 24.Kf1 Qxh2 25.Kxe2 Qxg2+ 26.Ke3 Qxb2 27.Rg1 Qh2 28.Ke4 b6 29.Qe3 Rad8
30.Nf6+ Kh8 31.Nxe8 Qc2+ 32.Kf3 Rd3  0-1

[Event "22nd Pobla De Lillet Open"]
[Site "La Pobla de Lillet ESP"]
[Date "2012.08.03"]
[Round "3.1"]
[White "Peralta,Fe"]
[Black "Anguera Maestro,J"]
[Result "1-0"]
[WhiteElo "2606"]
[BlackElo "2153"]

1.d4 d5 2.c4 c6 3.Nf3 e6 4.Nc3 Nf6 5.e3 Nbd7 6.Bd3 Be7 7.O-O O-O 8.b3 b6
9.Bb2 Bb7 10.Qe2 c5 11.Rfd1 h6 12.Rac1 Rc8 13.cxd5 exd5 14.Bf5 g6 15.Bh3 a6
16.Ne5 cxd4 17.exd4 Rc7 18.Qf3 Nb8 19.Ne2 Ne4 20.Nf4 Ng5 21.Qd3 Nxh3+ 22.Qxh3 Rxc1
23.Bxc1 Bg5 24.Ne6 Bc8 25.Nxd8 Bxh3 26.Bxg5 hxg5 27.Ndxf7 Bf5 28.Nxg5 Rc8
29.g4  1-0

[Event "65th ch-RUS"]
[Site "Moscow RUS"]
[Date "2012.08.03"]
[Round "1"]
[White "Sjugirov,S"]
[Black "Dubov,Danii"]
[Result "1/2-1/2"]
[WhiteElo "2635"]
[BlackElo "2594"]

1.d4 d5 2.c4 c6 3.Nc3 Nf6 4.e3 e6 5.Nf3 Nbd7 6.Qc2 Bd6 7.Bd3 O-O 8.O-O dxc4
9.Bxc4 e5 10.Bb3 h6 11.Rd1 Qc7 12.h3 Re8 13.dxe5 Nxe5 14.Nd4 a6 15.a3 Bf8
16.Nde2 b5 17.Bd2 Bb7 18.Nf4 Rad8 19.Be1 Qc8 20.Rxd8 Rxd8 21.Ne4 Qf5 22.Nxf6+ Qxf6
23.Ba5 Rd7 24.Bc3 c5 25.Rd1 Qg5 26.Rxd7 Nxd7 27.Qd1 Nf6 28.Qd8 c4 29.Bc2 Nd5
30.Qxg5 hxg5 31.Nxd5 Bxd5 32.Bf5 Bb7 33.f3 Bc5 34.Kf2 f6 35.Ke2 Kf7 36.Bd4 Bxd4
37.exd4 Ke7 38.Kd2 Kd6 39.Kc3 a5 40.Bg6 Bc6 41.Bf7 f5 42.Bg6 f4 43.Bf7 Bd7
44.Bg6  1/2-1/2

[Event "Olomouc IM Prima Pack"]
[Site "Olomouc CZE"]
[Date "2012.08.03"]
[Round "3.2"]
[White "Bartos,J"]
[Black "Chernyshova,N"]
[Result "1-0"]
[WhiteElo "2211"]
[BlackElo "2080"]

1.Nf3 d5 2.d4 Nf6 3.c4 c6 4.Nc3 e6 5.e3 Nbd7 6.Bd3 dxc4 7.Bxc4 b5 8.Be2 Bb7
9.O-O a6 10.e4 c5 11.e5 Nd5 12.a4 b4 13.Ne4 Qc7 14.a5 h6 15.Qd3 Rc8 16.Bd2 c4
17.Qb1 c3 18.bxc3 Nxc3 19.Nxc3 bxc3 20.Rc1 c2 21.Qb3 Bd5 22.Qe3 Qb7 23.Bd3 Bb3
24.Ne1 Bb4 25.Nxc2 Bc3 26.Rab1 Qd5 27.Nb4 Bxd2 28.Rxc8+  1-0

[Event "Tabor Open 2012"]
[Site "Tabor CZE"]
[Date "2012.08.03"]
[Round "7.35"]
[White "Krbusik,M"]
[Black "Vesely,Vit"]
[Result "1/2-1/2"]
[WhiteElo "1969"]
[BlackElo "1764"]

1.d4 d5 2.e3 Nf6 3.c4 c6 4.Nc3 e6 5.Nf3 Nbd7 6.Bd3 dxc4 7.Bxc4 b5 8.Bd3 a6
9.O-O Bb7 10.a3 c5 11.b3 Bd6 12.Bb2 O-O 13.Qe2 cxd4 14.Nxd4 Nc5 15.Bc2 Nce4
16.Nxe4 Bxe4 17.Bxe4 Nxe4 18.Qg4 Nf6 19.Qg5 h6 20.Qh4 Nd5 21.Qh3 Qe7 22.Rfd1 Nb6
23.Nc6 Qd7 24.Qg4 f6 25.Qe4 Rfe8 26.Nb4 Qe7 27.Nc6 Qd7 28.Na5 Nd5 29.b4 Rac8
30.Qd3 Red8 31.Qb3 Nb6 32.Rd4 Na4 33.f4 Nxb2 34.Qxb2 e5 35.Qb3+ Qf7 36.Rd5 exf4
37.Rad1 fxe3 38.Kf1 Be7 39.Nc6 Rxd5 40.Qxd5 Re8 41.Ke2 Kf8 42.Qxf7+ Kxf7
43.Rd7 Ke6 44.Ra7 Bd6 45.Rxa6 Kd5 46.g3 Rc8 47.Nd4 Kxd4 48.Rxd6+ Ke4 49.Re6+ Kd4
50.Rd6+ Ke4 51.Re6+ Kd4  1/2-1/2

[Event "CEG vs Legends 2012"]
[Site "Geneve SUI"]
[Date "2012.08.04"]
[Round "1"]
[White "Dubessay,B"]
[Black "Ribli,Z"]
[Result "0-1"]
[WhiteElo "2350"]
[BlackElo "2561"]

1.d4 d5 2.c4 c6 3.Nf3 Nf6 4.Nc3 e6 5.e3 Nbd7 6.Qc2 Bd6 7.Be2 O-O 8.O-O dxc4
9.Bxc4 b5 10.Be2 Bb7 11.Rd1 Qc7 12.e4 e5 13.Bg5 exd4 14.Rxd4 Ne5 15.g3 Bc5
16.Rd2 Nfg4 17.Nd1 Bb4 18.Rd4 Ba5 19.Nxe5 Qxe5 20.Rd7 Bc8 21.Bf4 Qh5 22.Bxg4 Qxg4
23.Rd3 Bb6 24.Qxc6 Qe2 25.Rd2 Qe1+ 26.Kg2 Bg4 27.Rb1 Rac8 28.Qb7 Be2 29.Nc3 Qxf2+
30.Kh3 Bf1+  0-1

[Event "Politiken Cup 2012"]
[Site "Helsingor DEN"]
[Date "2012.08.04"]
[Round "9.4"]
[White "Hansen,SuB"]
[Black "Hector,J"]
[Result "0-1"]
[WhiteElo "2577"]
[BlackElo "2530"]

1.Nf3 d5 2.c4 c6 3.e3 Nf6 4.Nc3 e6 5.d4 Nbd7 6.Qc2 b6 7.Bd3 Bb7 8.b3 Be7
9.Bb2 Qc7 10.Rc1 h6 11.O-O O-O 12.cxd5 exd5 13.Ne2 Rfe8 14.Ng3 Rad8 15.Ne5 Nb8
16.f4 Bf8 17.Qe2 c5 18.Nf5 Bc8 19.Rf3 Ne4 20.Bxe4 dxe4 21.Nxh6+ gxh6 22.Rg3+ Bg7
23.dxc5 f6 24.c6 fxe5 25.Bxe5 Rxe5 26.fxe5 Rf8 27.Rg6 Qxe5 28.c7 Nd7 29.Qc4+ Kh8  0-1

[Event "65th ch-RUS"]
[Site "Moscow RUS"]
[Date "2012.08.04"]
[Round "2"]
[White "Potkin,V"]
[Black "Sjugirov,S"]
[Result "1-0"]
[WhiteElo "2651"]
[BlackElo "2635"]

1.c4 c6 2.d4 d5 3.Nc3 Nf6 4.e3 e6 5.Nf3 Nbd7 6.Qc2 Bd6 7.Bd3 O-O 8.O-O dxc4
9.Bxc4 a6 10.Rd1 b5 11.Bd3 h6 12.e4 e5 13.h3 Qc7 14.Be3 exd4 15.Nxd4 Ne5
16.Bf1 Ng6 17.Rac1 Re8 18.a3 c5 19.Nf5 Be5 20.a4 Nxe4 21.Nxh6+ gxh6 22.Nxe4 c4
23.axb5 axb5 24.Nc3 Bxc3 25.Qxc3 Qe5 26.Bxh6 Bf5 27.Be3 Qxc3 28.bxc3 Be4
29.Rd4 Ra3 30.Kh2 Bf5 31.Rd5 Bd3 32.Bxd3 cxd3 33.Rxb5 Rd8 34.c4 Ra2 35.Rd1 Rc2
36.Rd5 Rxd5 37.cxd5 Rc3 38.d6 Kf8 39.Kg3 Ke8 40.Bd4 Rb3 41.h4 Kd7 42.h5 Nf8
43.Kf3 Kxd6 44.Ke3 Ne6 45.Rxd3  1-0

[Event "10th EU U14 2012"]
[Site "Mureck AUT"]
[Date "2012.08.04"]
[Round "4.10"]
[White "Pajunen,Toni"]
[Black "Saavalainen,Ellis"]
[Result "1/2-1/2"]
[WhiteElo "1813"]
[BlackElo "1611"]

1.d4 d5 2.c4 c6 3.Nc3 Nf6 4.Nf3 e6 5.e3 Nbd7 6.Qc2 Be7 7.Be2 O-O 8.O-O dxc4
9.Bxc4 b5 10.Bd3 a6 11.Ne4 Bb7 12.Nc5 Nxc5 13.dxc5 Qd5 14.b4 a5 15.Rd1 Qh5
16.Bd2 axb4 17.Bxb4 Bc8  1/2-1/2

[Event "FSIMA August 2012"]
[Site "Budapest HUN"]
[Date "2012.08.05"]
[Round "2.5"]
[White "Szeberenyi,A"]
[Black "Wu,Christopher"]
[Result "1-0"]
[WhiteElo "2334"]
[BlackElo "2195"]

1.d4 d5 2.c4 c6 3.Nc3 Nf6 4.e3 e6 5.Nf3 Nbd7 6.Qc2 Bd6 7.e4 dxe4 8.Nxe4 Nxe4
9.Qxe4 c5 10.Bd2 Nf6 11.Qh4 b6 12.O-O-O Qe7 13.Bd3 Bb7 14.Rhe1 O-O-O 15.d5 h6
16.Qh3 Kb8 17.Bc3 b5 18.dxe6 b4 19.exf7 Qxf7 20.Be5 Ka8 21.Qf5 Qc7 22.Bxf6 Rdf8
23.Re6 Rxf6 24.Rxf6 gxf6 25.Be4 Bxe4 26.Qxe4+ Kb8 27.g3 a5 28.Qe6 Rd8 29.Qxf6 Qd7
30.Ne5 Qc7 31.Qxd8+  1-0

[Event "Politiken Cup 2012"]
[Site "Helsingor DEN"]
[Date "2012.08.05"]
[Round "10.9"]
[White "Schlecht,D"]
[Black "Hansen,SuB"]
[Result "0-1"]
[WhiteElo "2379"]
[BlackElo "2577"]

1.d4 d5 2.c4 c6 3.Nc3 Nf6 4.e3 e6 5.Nf3 Nbd7 6.Bd3 dxc4 7.Bxc4 b5 8.Bd3 b4
9.Ne4 Nxe4 10.Bxe4 Bb7 11.a3 bxa3 12.O-O Bd6 13.b3 Nf6 14.Nd2 Nxe4 15.Nxe4 Bxh2+
16.Kxh2 Qh4+ 17.Kg1 Qxe4 18.f3 Qg6 19.Bxa3 Rd8 20.Bc5 a6 21.Qe2 f6 22.e4 Kf7
23.f4 Kg8 24.Rae1 Re8 25.f5 Qf7 26.Qd3 h5 27.e5 Rh6 28.Re3 h4 29.Rfe1 Bc8
30.b4 fxe5 31.Rxe5 Rd8 32.Qe3 Re8 33.Qh3 Bd7 34.Qe3 Rf6 35.Qg5 h3 36.g4 exf5
37.gxf5 Rxe5 38.Rxe5 Bxf5 39.Kh1 Be4+ 40.Kh2 Rf2+  0-1

[Event "62nd ch-RUS w"]
[Site "Moscow RUS"]
[Date "2012.08.05"]
[Round "3"]
[White "Ovod,E"]
[Black "Gunina,V"]
[Result "0-1"]
[WhiteElo "2419"]
[BlackElo "2507"]

1.c4 c6 2.Nf3 d5 3.e3 Nf6 4.Nc3 e6 5.d4 Nbd7 6.Bd3 dxc4 7.Bxc4 b5 8.Bd3 b4
9.Ne4 Nxe4 10.Bxe4 Bb7 11.O-O Bd6 12.a3 bxa3 13.Nd2 Qc7 14.b3 Bxh2+ 15.Kh1 Bd6
16.Nc4 Be7 17.Bxa3 Bxa3 18.Rxa3 O-O 19.Qa1 a6 20.Na5 f5 21.Bf3 Nf6 22.Rc1 Ng4
23.Kg1 Qh2+ 24.Kf1 Rab8 25.Rc5 Ba8 26.Qc3 Nf6 27.Qc4 Kh8 28.Qxe6 Rbe8 29.Qxf5 Qh1+
30.Ke2 Nd5 31.g3 Rxe3+ 32.fxe3 Qh2+ 33.Kd3 Rxf5 34.Be4 Rf1 35.Bxd5 Rd1+ 36.Ke4 cxd5+
37.Kf5 Rf1+ 38.Ke6 Rf8  0-1

[Event "Olomouc GM Valoz Cup"]
[Site "Olomouc CZE"]
[Date "2012.08.05"]
[Round "5.2"]
[White "Krejci,Jan2"]
[Black "Duda,J"]
[Result "1/2-1/2"]
[WhiteElo "2503"]
[BlackElo "2411"]

1.d4 d5 2.c4 c6 3.Nc3 Nf6 4.e3 e6 5.Nf3 Nbd7 6.Qc2 Bd6 7.Bd3 dxc4 8.Bxc4 b5
9.Bd3 Bb7 10.O-O O-O 11.a3 a5 12.h3 b4 13.Ne4 Nxe4 14.Bxe4 Nf6 15.Bd3 c5
16.dxc5 Rc8 17.axb4 axb4 18.Qe2 Bxc5 19.Rd1 Qb6 20.Bd2  1/2-1/2

[Event "11th Braunau Open A"]
[Site "Ranshofen AUT"]
[Date "2012.08.05"]
[Round "2.6"]
[White "Farago,I"]
[Black "Kuran,W"]
[Result "1-0"]
[WhiteElo "2491"]
[BlackElo "1858"]

1.d4 d5 2.c4 e6 3.Nf3 c6 4.e3 Nf6 5.Nc3 Bd6 6.Bd3 O-O 7.e4 dxc4 8.Bxc4 Be7
9.O-O Nbd7 10.Qe2 Re8 11.h3 Qc7 12.Be3 b5 13.Bd3 a6 14.e5 Nd5 15.Nxd5 exd5
16.Rac1 Nf8 17.Nd2 c5 18.dxc5 Qxe5 19.Nf3 Qc7 20.Rfd1 Bf6 21.Bb1 Bb7 22.Qd2 Ne6
23.c6 Bxc6 24.Qc2 Rac8 25.Qxh7+ Kf8 26.Re1 Ke7 27.Nd4 Qb7 28.Bg5 Kd8 29.Bxf6+ gxf6
30.Qh6 Nxd4 31.Qxf6+ Kc7 32.Qf4+ Kd8 33.Qxd4 Rc7 34.Bf5 Rxe1+ 35.Rxe1 Re7
36.Qf6 Qc7 37.h4 Be8 38.h5 Qc5 39.h6 d4 40.h7 Qxf5 41.Qxe7+ Kc8 42.h8=Q  1-0